[Event "10th Essent Open"]
[Site "Hoogeveen NED"]
[Date "2006.10.20"]
[Round "1"]
[White "Gurevich,M"]
[Black "Clemens,A"]
[Result "1-0"]
[WhiteElo "2648"]
[BlackElo "2323"]
[EventDate "2006.10.21"]

1. c4 b6 2. d4 Bb7 3. Nc3 e6 4. a3 f5 5. d5 Nf6 6. g3 g6 7. Bg2 Bg7 8. Rb1
O-O 9. Nh3 Qc8 10. O-O c6 11. Bf4 Na6 12. Rc1 Re8 13. Bd6 Nc5 14. Bxc5 bxc5
15. dxe6 Rxe6 16. Nf4 Re8 17. Qd6 Qb8 18. Qxc5 d6 19. Qa5 Re5 20. Qa4 Qc7
21. b4 a6 22. Rfd1 Bf8 23. Qb3 Qf7 24. a4 Ne4 25. e3 Ree8 26. b5 axb5 27.
axb5 cxb5 28. Nxb5 Rab8 29. Qd3 Red8 30. Nc3 Nc5 31. Qe2 Bxg2 32. Kxg2 Bg7
33. Nb5 Be5 34. Nd5 Ne4 35. Rc2 Ra8 36. Ra2 Qb7 37. Rb1 Rxa2 38. Qxa2 Ra8
39. Qc2 Qa6 40. Nb4 Qa4 41. Qd3 Rd8 42. f3 Nc5 43. Qd5+ Kg7 44. f4 Bf6 45.
Nxd6 Qa7 46. Kh3 Ne4 47. Nc6 Nf2+ 48. Kg2 Qa2 49. Qf7+ Kh6 50. Nxf5+ 1-0

[Event "10th Essent Open"]
[Site "Hoogeveen NED"]
[Date "2006.10.20"]
[Round "1"]
[White "Mamedjarova,Z"]
[Black "Cheparinov,I"]
[Result "0-1"]
[WhiteElo "2318"]
[BlackElo "2632"]
[EventDate "2006.10.21"]

1. d4 Nf6 2. Nf3 e6 3. g3 c5 4. Bg2 cxd4 5. Nxd4 d5 6. O-O e5 7. Nb5 a6 8.
N5c3 d4 9. Ne4 Be7 10. e3 O-O 11. exd4 exd4 12. c3 d3 13. Nxf6+ Bxf6 14.
Be4 Re8 15. Bxd3 Nc6 16. Re1 Bg4 17. Rxe8+ Qxe8 18. Qxg4 Qe1+ 19. Kg2 Qxc1
20. Qe2 Ne5 21. Be4 Rd8 22. Qc2 Qe1 23. Bxh7+ Kh8 24. Qe4 Qd1 25. Bf5 g6
26. Qf4 gxf5 27. Qh6+ Kg8 28. Qxf6 Qd5+ 29. Kh3 Rd6 30. Qg5+ Rg6 31. Qf4
Ng4 0-1

[Event "10th Essent Open"]
[Site "Hoogeveen NED"]
[Date "2006.10.20"]
[Round "1"]
[White "Postny,E"]
[Black "Van Kooten,L"]
[Result "1-0"]
[WhiteElo "2609"]
[BlackElo "2291"]
[EventDate "2006.10.21"]

1. d4 Nf6 2. c4 c5 3. d5 e6 4. Nc3 exd5 5. cxd5 d6 6. Nf3 g6 7. Nd2 a6 8.
a4 Nbd7 9. e4 Bg7 10. Be2 O-O 11. O-O Re8 12. Rb1 Rb8 13. Qc2 Nh5 14. Bxh5
gxh5 15. Nc4 Ne5 16. Nxe5 Bxe5 17. Ne2 f5 18. b4 fxe4 19. bxc5 dxc5 20.
Qxc5 Bg4 21. Ng3 h4 22. Nxe4 Bf5 23. f3 Rc8 24. Qf2 h3 25. Bb2 Bxb2 26.
Rxb2 Rf8 27. Qd4 Bxe4 28. Qxe4 Qg5 29. f4 Qg7 30. Qe5 Rf7 31. d6 Rd8 32.
Rd2 Qxe5 33. fxe5 Rxf1+ 34. Kxf1 hxg2+ 35. Kxg2 Kf7 36. Kf3 Ke6 37. Ke4 Rc8
38. d7 Rd8 39. a5 Ke7 40. Rd6 Rg8 41. d8=Q+ Rxd8 42. Rxd8 Kxd8 43. Kd5 Kd7
44. e6+ 1-0

[Event "10th Essent Open"]
[Site "Hoogeveen NED"]
[Date "2006.10.20"]
[Round "1"]
[White "Mamedjarova,T"]
[Black "L'Ami,E"]
[Result "0-1"]
[WhiteElo "2274"]
[BlackElo "2593"]
[EventDate "2006.10.21"]

1. e4 e5 2. Nf3 Nc6 3. Nc3 Nf6 4. d4 exd4 5. Nxd4 Bb4 6. Nxc6 bxc6 7. Bd3
d5 8. exd5 Qe7+ 9. Qe2 Qxe2+ 10. Kxe2 cxd5 11. Nb5 Kd8 12. Bg5 Re8+ 13. Kd1
Bd7 14. Bxf6+ gxf6 15. c3 Bf8 16. Nd4 c5 17. Nf5 Rb8 18. Rb1 Re5 19. Ng3 h5
20. f4 Re8 21. f5 Re3 22. Bc2 h4 23. Nh5 Ke7 24. Re1 Bh6 25. Rxe3+ Bxe3 26.
Ke2 Bg5 27. g4 Kd6 28. Kf2 Bc6 29. b3 d4 30. b4 cxb4 31. cxd4 Bd5 32. Ra1
a5 33. Ba4 Bc6 34. Bb3 a4 35. Bxf7 b3 36. axb3 axb3 37. Re1 Bd5 38. Bxd5
Kxd5 39. Ng7 b2 40. Rb1 Kxd4 0-1

[Event "10th Essent Open"]
[Site "Hoogeveen NED"]
[Date "2006.10.20"]
[Round "1"]
[White "Ikonnikov,Vy"]
[Black "Ly,M"]
[Result "0-1"]
[WhiteElo "2587"]
[BlackElo "2274"]
[EventDate "2006.10.21"]

1. d4 Nf6 2. Nf3 e6 3. c4 b6 4. g3 Ba6 5. Qa4 Bb7 6. Bg2 c5 7. dxc5 Bxc5 8.
O-O Nc6 9. Nc3 O-O 10. Bf4 Qe7 11. Rad1 Rfd8 12. Ne5 Na5 13. Bxb7 Nxb7 14.
Bg5 h6 15. Bxf6 gxf6 16. Rxd7 Rxd7 17. Nxd7 Bd4 18. Qc6 Rd8 19. Qxb7 Bxc3
20. Rd1 Be5 21. Qc6 Bxb2 22. Rd3 Kg7 23. Kg2 Ba1 24. Kh3 Bb2 25. Kg2 Ba1
26. Kf1 Bb2 27. a4 Bc3 28. Kg2 Bb4 29. Qc7 Kh8 30. Qc6 Kg7 31. e3 Kh8 32.
Rd4 Bc3 33. Rd3 Bb4 34. Kf1 Kg7 35. Ke2 Bc3 36. Qc7 Be5 37. Qc6 Bc3 38. Rd1
Qa3 39. Kf3 Qb3 40. Rd3 Qc2 41. Qd6 Be1 42. Kg4 Qe2+ 43. Kh3 Qf1+ 44. Kh4
Qxf2 45. Kh3 Qf1+ 46. Kh4 Qg2 0-1

[Event "10th Essent Open"]
[Site "Hoogeveen NED"]
[Date "2006.10.20"]
[Round "1"]
[White "Archangelsky,M"]
[Black "Brodsky,M"]
[Result "0-1"]
[WhiteElo "2270"]
[BlackElo "2566"]
[EventDate "2006.10.21"]

1. d4 Nf6 2. Nf3 e6 3. g3 c5 4. Bg2 Nc6 5. c4 cxd4 6. Nxd4 Bb4+ 7. Bd2 Be7
8. Bc3 O-O 9. O-O d5 10. cxd5 Nxd5 11. Nxc6 bxc6 12. Qc2 Qb6 13. e4 Nxc3
14. Nxc3 Ba6 15. Rfd1 Rfd8 16. Rac1 Rxd1+ 17. Rxd1 Rd8 18. Rxd8+ Qxd8 19.
Bf1 Bb7 20. Qd3 Qc7 21. b3 h6 22. Na4 c5 23. Qc2 Qe5 24. f3 g5 25. Qc3 Bf6
26. Qxe5 Bxe5 27. g4 f5 28. Bc4 fxe4 29. Bxe6+ Kf8 30. fxe4 Bxe4 31. Kf2
Ke7 32. Ke3 Bc6 33. Bc4 Bxh2 34. Nc3 Bg1+ 35. Ke2 Kf6 36. Nd5+ Ke5 37. Ne7
Bd7 38. Kf3 Bd4 39. Ng8 Bc6+ 40. Kg3 Bc3 41. Nxh6 Be1+ 42. Kh3 Kd4 43. Nf7
Bd2 44. Nd8 Be4 45. Ne6+ Kc3 46. Nxc5 Bb1 47. a4 Bc2 48. Kg3 Be3 49. Na6
Bxb3 50. Bb5 Bd5 51. Kh3 Bf4 52. Nc5 Kd4 53. Nd7 a5 54. Nb6 Be6 55. Nd7 Bc7
56. Nf6 Bb3 57. Kg2 Bd1 58. Bd7 Ke5 59. Nh5 Kd6 0-1

[Event "10th Essent Open"]
[Site "Hoogeveen NED"]
[Date "2006.10.20"]
[Round "1"]
[White "Dvoirys,S"]
[Black "Wempe,Jo"]
[Result "1-0"]
[WhiteElo "2553"]
[BlackElo "2268"]
[EventDate "2006.10.21"]

1. c4 e6 2. g3 d5 3. Bg2 c6 4. Qc2 Nf6 5. Nf3 Be7 6. O-O O-O 7. d4 Nbd7 8.
Nbd2 b6 9. e4 dxc4 10. Nxc4 Bb7 11. Rd1 b5 12. Nce5 Nxe5 13. Nxe5 Rc8 14.
Bf4 Qb6 15. Qe2 Rfd8 16. g4 h6 17. h4 Nd7 18. g5 Nxe5 19. Bxe5 hxg5 20.
hxg5 Bd6 21. g6 Bxe5 22. gxf7+ Kf8 23. dxe5 c5 24. Qh5 Rd4 25. Bf3 Qd8 26.
Qh8+ Kxf7 27. Bh5+ g6 28. Qh7+ Kf8 29. Qh6+ Kg8 30. Qxg6+ Kh8 31. Qh6+ Kg8
32. Qxe6+ Kg7 33. Qg6+ Kh8 34. Rxd4 cxd4 35. Qh6+ Kg8 36. e6 Bxe4 37. Bf7+
1-0

[Event "10th Essent Open"]
[Site "Hoogeveen NED"]
[Date "2006.10.20"]
[Round "1"]
[White "Werle,J"]
[Black "De Jong,M"]
[Result "1-0"]
[WhiteElo "2551"]
[BlackElo "2263"]
[EventDate "2006.10.21"]

1. Nf3 Nf6 2. c4 e6 3. Nc3 d5 4. d4 c5 5. cxd5 Nxd5 6. e4 Nxc3 7. bxc3 cxd4
8. cxd4 Nc6 9. Bc4 Bb4+ 10. Bd2 Bxd2+ 11. Qxd2 O-O 12. O-O b6 13. Rad1 Na5
14. Bd3 Bb7 15. Qf4 Qf6 16. Qg3 h6 17. Rfe1 Rfe8 18. h4 Rad8 19. d5 e5 20.
Rc1 Qd6 21. h5 Bc8 22. Bb5 Re7 23. Nd4 Qb4 24. Rxc8 Qxe1+ 25. Kh2 exd4 26.
Rxd8+ Kh7 27. Qb8 1-0

[Event "10th Essent Open"]
[Site "Hoogeveen NED"]
[Date "2006.10.20"]
[Round "1"]
[White "Doggers,P"]
[Black "Khairullin,I"]
[Result "1/2-1/2"]
[WhiteElo "2252"]
[BlackElo "2543"]
[EventDate "2006.10.21"]

1. e4 c5 2. Nf3 d6 3. d4 cxd4 4. Nxd4 Nf6 5. Nc3 a6 6. Be3 e6 7. Be2 Qc7 8.
f4 b5 9. Bf3 Bb7 10. a3 Nbd7 11. Qe2 e5 12. Nf5 g6 13. fxe5 dxe5 14. Nh6
Bc5 15. O-O-O Bxa3 16. Nd5 Bxd5 17. exd5 Bd6 18. Kb1 Nb6 19. Rhe1 Ng8 20.
Nxg8 Rxg8 21. Bg5 Qc4 22. Qf2 Qc7 23. g4 Nd7 24. Qh4 f6 25. Qxh7 O-O-O
1/2-1/2

[Event "10th Essent Open"]
[Site "Hoogeveen NED"]
[Date "2006.10.20"]
[Round "1"]
[White "Ibrahimov,R"]
[Black "Kuipers,S"]
[Result "1-0"]
[WhiteElo "2541"]
[BlackElo "2252"]
[EventDate "2006.10.21"]

1. Nf3 Nf6 2. c4 c6 3. g3 d5 4. Bg2 e6 5. d4 Be7 6. O-O O-O 7. Qc2 Nbd7 8.
Nbd2 b6 9. e4 dxe4 10. Nxe4 Bb7 11. Rd1 Nxe4 12. Qxe4 Nf6 13. Qc2 Qc8 14.
c5 Nd5 15. Ng5 g6 16. Re1 Bf6 17. Nf3 Qc7 18. Bd2 Rfe8 19. Rac1 b5 20. h4
a5 21. h5 b4 22. Ne5 Ne7 23. hxg6 hxg6 24. Bf4 Qc8 25. Nc4 Nf5 26. Nb6 Qd8
27. Nxa8 Qxa8 28. Be5 Nxd4 29. Qe4 1-0

[Event "10th Essent Open"]
[Site "Hoogeveen NED"]
[Date "2006.10.20"]
[Round "1"]
[White "Vedder,R"]
[Black "Rogers,I"]
[Result "0-1"]
[WhiteElo "2248"]
[BlackElo "2526"]
[EventDate "2006.10.21"]

1. e4 c6 2. d4 d5 3. e5 Bf5 4. Nf3 e6 5. Be2 Nd7 6. O-O Bg6 7. Nbd2 Nh6 8.
Nb3 Nf5 9. Bd2 Be7 10. c4 dxc4 11. Na5 Qc7 12. Nxc4 O-O 13. g4 Nh6 14. Ne3
Kh8 15. h4 f6 16. g5 Nf5 17. exf6 gxf6 18. Ng2 Bd6 19. Re1 Rae8 20. gxf6
Nxf6 21. Bg5 Ng4 22. Rf1 h6 23. Bd2 Rg8 24. Rc1 Kh7 25. Ng5+ hxg5 26. Bxg4
gxh4 27. Rc3 Qg7 28. Rh3 Be7 29. Kh1 Qxd4 30. Qe2 Bf7 31. Bh5 Qd5 32. Bf3
Bh5 33. Nf4 Bxf3+ 34. Rxf3 Qb5 35. Rd3 Ng7 36. Rg1 Qf5 37. Nh3 Rd8 38. Rf3
Rxd2 39. Rxf5 Rxe2 40. Rf7 Bd8 41. Rg2 e5 0-1

[Event "10th Essent Open"]
[Site "Hoogeveen NED"]
[Date "2006.10.20"]
[Round "1"]
[White "Smeets,J"]
[Black "Weeks,Ma"]
[Result "1-0"]
[WhiteElo "2525"]
[BlackElo "2247"]
[EventDate "2006.10.21"]

1. e4 e5 2. Nf3 Nc6 3. Bb5 a6 4. Ba4 Nf6 5. O-O Be7 6. Re1 b5 7. Bb3 d6 8.
c3 O-O 9. h3 Na5 10. Bc2 c5 11. d4 Nd7 12. Nbd2 cxd4 13. cxd4 Nc6 14. d5
Nb4 15. Bb1 a5 16. a3 Na6 17. b4 Nb6 18. bxa5 Na4 19. Nb3 Nc3 20. Qd3 Nxb1
21. Rxb1 f5 22. Rb2 fxe4 23. Qxe4 Bf5 24. Qe2 Bf6 25. Be3 Qd7 26. Nh2 b4
27. Ra1 bxa3 28. Rxa3 Rfc8 29. Nd2 Rc1+ 30. Ndf1 Rc7 31. Ng4 Be7 32. Bb6
Rc1 33. Kh2 Qc8 34. Nge3 Bg6 35. Qg4 Qf8 36. Ng3 Rac8 37. Qe2 Nc5 38. Bxc5
R1xc5 39. a6 h5 40. Nxh5 Bxh5 41. Qxh5 Qf4+ 42. g3 Qd4 43. Raa2 1-0

[Event "10th Essent Open"]
[Site "Hoogeveen NED"]
[Date "2006.10.20"]
[Round "1"]
[White "Giddins,S"]
[Black "Hort,V"]
[Result "1/2-1/2"]
[WhiteElo "2197"]
[BlackElo "2501"]
[EventDate "2006.10.21"]

1. c4 e5 2. g3 Nc6 3. Bg2 d6 4. Nc3 g6 5. Rb1 Be6 6. b4 a6 7. d3 Bg7 8. a4
Rb8 9. b5 Nce7 10. bxa6 bxa6 11. Ba3 f5 12. Rxb8 Qxb8 13. Qc2 Nh6 14. Nf3
Nf7 15. O-O O-O 16. Nd2 Qa7 17. Rb1 Rb8 18. Rxb8+ Qxb8 19. Nd5 Bf8 20. Qb3
Qd8 21. Qb7 Nxd5 22. Bxd5 Qc8 23. Qxc8 1/2-1/2

[Event "10th Essent Open"]
[Site "Hoogeveen NED"]
[Date "2006.10.20"]
[Round "1"]
[White "Smerdon,D"]
[Black "Ahlers,B"]
[Result "1/2-1/2"]
[WhiteElo "2473"]
[BlackElo "2184"]
[EventDate "2006.10.21"]

1. e4 e6 2. d4 d5 3. e5 c5 4. c3 Nc6 5. Nf3 Qb6 6. Bd3 cxd4 7. cxd4 Bd7 8.
O-O Nxd4 9. Nbd2 Nh6 10. Nxd4 Qxd4 11. Nf3 Qb6 12. Be3 Bc5 13. Bxh6 gxh6
14. Qd2 Bf8 15. Rac1 Bg7 16. Rc3 Rc8 17. Rb3 Qc7 18. Qb4 a5 19. Qxb7 O-O
20. Re1 f6 21. g3 Rfd8 22. Qa6 Rb8 23. Rc3 Qb6 24. Qxb6 Rxb6 25. b3 Be8 26.
Rc5 a4 27. bxa4 Bxa4 28. Rc7 Bd7 29. a4 Bxa4 30. Ra1 Rb4 31. Bxh7+ Kh8 32.
exf6 Bxf6 33. Rac1 Rc4 1/2-1/2

[Event "10th Essent Open"]
[Site "Hoogeveen NED"]
[Date "2006.10.20"]
[Round "1"]
[White "Cako,L"]
[Black "Hendriks,W"]
[Result "0-1"]
[WhiteElo "2174"]
[BlackElo "2438"]
[EventDate "2006.10.21"]

1. e4 d6 2. d4 Nf6 3. Nc3 g6 4. f4 Bg7 5. Nf3 O-O 6. Bd3 Na6 7. O-O c5 8.
d5 Bg4 9. Qe1 Nb4 10. Qh4 Bxf3 11. Rxf3 c4 12. Bxc4 Nxc2 13. Rb1 Rc8 14. b3
b5 15. Nxb5 Nxe4 16. f5 Nf6 17. fxg6 fxg6 18. Bb2 Qb6+ 19. Kh1 a6 20. Nc3
Nd4 21. Rff1 Nf5 22. Qe1 Ng4 23. Na4 Qe3 24. Bxg7 Kxg7 25. Rf3 Qh6 26. h3
Ne5 27. Rc3 Qf4 28. Rbc1 a5 29. Kg1 h5 30. Nb2 h4 31. Nd3 Qd4+ 32. Qf2 Ne3
33. Nf4 Rxf4 34. Qxe3 g5 35. Qxd4 Rxd4 36. Kf2 Rd2+ 37. Kg1 Rxa2 38. Bb5
Rxc3 39. Rxc3 Rd2 40. Bc6 Nd3 0-1

[Event "10th Essent Open"]
[Site "Hoogeveen NED"]
[Date "2006.10.20"]
[Round "1"]
[White "Peng,D"]
[Black "Otte,Mari"]
[Result "1/2-1/2"]
[WhiteElo "2170"]
[BlackElo "2162"]
[EventDate "2006.10.21"]

1. d4 Nf6 2. c4 d6 3. Nc3 e5 4. Nf3 e4 5. Ng5 Qe7 6. g3 h6 7. Nh3 Bf5 8.
Nf4 c6 9. h4 g6 10. Ng2 Ng4 11. Ne3 Nxe3 12. Bxe3 Nd7 13. Bg2 Bg7 14. Qd2
Nf6 15. Bf4 Nh5 16. Rd1 Rd8 17. Be3 Nf6 18. d5 c5 19. f3 exf3 20. exf3 O-O
21. Kf2 h5 22. Rhe1 Qd7 23. Bf1 Rde8 24. a4 a6 25. a5 Re7 26. Bf4 Rfe8 27.
Rxe7 Rxe7 28. Re1 Rxe1 29. Qxe1 Kf8 30. Qd2 Ne8 31. Be2 Qe7 32. Na4 Qf6 33.
Be3 Bd7 34. Nb6 Bf5 35. b4 cxb4 36. Qxb4 Qc3 37. Qxc3 Bxc3 38. g4 hxg4 39.
fxg4 Be4 40. Nc8 Bxa5 41. Bh6+ Kg8 42. Ke3 Bg2 43. h5 Bb4 44. g5 Ng7 45.
Ne7+ Kf8 46. Kd4 Kxe7 47. Bxg7 gxh5 48. Bf6+ Ke8 49. Bxh5 Bc5+ 50. Kc3 Bh3
51. Bd1 b5 52. cxb5 axb5 53. Be2 b4+ 54. Kb3 Bg2 55. Kc4 Be4 56. Bd1 Bg2
1/2-1/2

[Event "10th Essent Open"]
[Site "Hoogeveen NED"]
[Date "2006.10.20"]
[Round "1"]
[White "Hulshof,P"]
[Black "Dambacher,M"]
[Result "0-1"]
[WhiteElo "2158"]
[BlackElo "2429"]
[EventDate "2006.10.21"]

1. e4 c5 2. Nc3 e6 3. g3 Nc6 4. Bg2 Nf6 5. d3 Be7 6. Nge2 O-O 7. O-O Rb8 8.
a4 a6 9. Bf4 d6 10. Qd2 b5 11. axb5 axb5 12. h3 b4 13. Nd1 e5 14. Be3 d5
15. f4 dxe4 16. dxe4 Qxd2 17. Bxd2 Rd8 18. Be3 Nd4 19. Bxd4 exd4 20. Nc1 c4
21. Nf2 Bc5 22. e5 Nd7 23. b3 d3 24. cxd3 c3 25. Kh2 Bxf2 26. Rxf2 Nc5 27.
Bf1 Be6 28. Rb1 Bf5 29. Rf3 Ra8 30. g4 Be6 31. f5 Bxb3 32. d4 Rxd4 33. Nxb3
Nxb3 34. Rxb3 c2 0-1

[Event "10th Essent Open"]
[Site "Hoogeveen NED"]
[Date "2006.10.20"]
[Round "1"]
[White "Willemze,J"]
[Black "Van Weersel,A"]
[Result "1-0"]
[WhiteElo "2423"]
[BlackElo "2156"]
[EventDate "2006.10.21"]

1. e4 e5 2. Nf3 Nc6 3. Bc4 Nf6 4. Ng5 d5 5. exd5 Na5 6. Bb5+ c6 7. dxc6
bxc6 8. Be2 h6 9. Nf3 e4 10. Ne5 Bd6 11. d4 exd3 12. Nxd3 Qc7 13. h3 O-O
14. b3 c5 15. Bb2 Ne4 16. c4 Bb7 17. O-O Ng5 18. f4 Qc6 19. Bf3 Nxf3+ 20.
Rxf3 Qe8 21. Rg3 f6 22. Nc3 Rd8 23. Qg4 Qf7 24. Nb5 Bb8 25. Nxc5 Bc8 26.
Qh4 Kh7 27. Ne4 g5 28. fxg5 Qg6 29. Rf3 fxg5 30. Qf2 Bf4 31. Qxa7+ Rd7 32.
Qxa5 Qxe4 33. Re1 Qc2 34. Qc3 Qg6 35. Nd4 Bb7 36. Ne6 Rg8 37. Rf2 Rf7 38.
Rfe2 Bb8 39. Qc2 Qxc2 40. Rxc2 Bg3 41. Re3 Bh4 42. Nc5 Ba8 43. Rce2 g4 44.
hxg4 Rd8 45. Rd3 1-0

[Event "10th Essent Open"]
[Site "Hoogeveen NED"]
[Date "2006.10.20"]
[Round "1"]
[White "Friesen,Bo"]
[Black "Brandenburg,D"]
[Result "0-1"]
[WhiteElo "2154"]
[BlackElo "2421"]
[EventDate "2006.10.21"]

1. e4 c5 2. c3 d6 3. d4 Nf6 4. dxc5 Nc6 5. f3 d5 6. exd5 Nxd5 7. Bc4 e6 8.
Bxd5 exd5 9. Be3 Qe7 10. Kf2 Ne5 11. Ne2 Nc4 12. Bd4 Nxb2 13. Qc2 Nc4 14.
Nf4 Be6 15. Nd2 Nxd2 16. Qxd2 O-O-O 17. Rae1 h5 18. Nd3 Qc7 19. Qf4 Rh6 20.
Be3 Qxf4 21. Bxf4 Rh8 22. Be3 Bd7 23. c6 bxc6 24. Bxa7 Kc7 25. Bd4 Ra8 26.
Re2 Bf5 27. Nc5 Bd6 28. Rb2 Rhb8 29. Rxb8 Rxa2+ 30. Ke3 Kxb8 31. g3 f6 32.
Nb3 Ra3 0-1

[Event "10th Essent Open"]
[Site "Hoogeveen NED"]
[Date "2006.10.20"]
[Round "1"]
[White "Berger,Stev"]
[Black "Wielenga,W"]
[Result "1-0"]
[WhiteElo "2412"]
[BlackElo "2154"]
[EventDate "2006.10.21"]

1. e4 e5 2. Nf3 Nc6 3. Bb5 a6 4. Ba4 Nf6 5. O-O Be7 6. Re1 b5 7. Bb3 d6 8.
c3 O-O 9. d4 Bg4 10. Be3 exd4 11. cxd4 Na5 12. Bc2 c5 13. h3 Bxf3 14. Qxf3
Nc4 15. Bc1 cxd4 16. Qd1 Qb6 17. b3 Ne5 18. Bb2 Nc6 19. Bd3 Nd7 20. f4 Bf6
21. Kh2 Nb4 22. a3 Nxd3 23. Qxd3 Rfe8 24. Nd2 Rac8 25. Rad1 Nc5 26. Qg3 Qd8
27. Qf3 Ne6 28. f5 Nc5 29. Ba1 Nd7 30. Qf2 d3 31. Bxf6 Qxf6 32. Qa7 Nc5 33.
b4 Na4 34. Nf3 Rc2 35. Rxd3 Qb2 36. Rg1 Nc3 37. Ng5 Rf8 38. Qd4 Ne2 39.
Qxb2 Rxb2 40. Rgd1 h6 41. Nf3 Rc8 42. Rxd6 Rcc2 43. e5 Nc3 44. Rd8+ Kh7 45.
R1d2 Ne4 46. Rxc2 Rxc2 47. Nd4 Rc3 48. Rd7 Kg8 49. e6 fxe6 50. Nxe6 Rxa3
51. Rxg7+ Kh8 52. Rg6 Rb3 53. f6 Nxf6 54. Rxf6 Rxb4 55. Rxh6+ Kg8 56. Nc7
a5 57. Rh5 1-0

[Event "10th Essent Open"]
[Site "Hoogeveen NED"]
[Date "2006.10.20"]
[Round "1"]
[White "Rooda,K"]
[Black "Van Delft,M"]
[Result "0-1"]
[WhiteElo "2148"]
[BlackElo "2404"]
[EventDate "2006.10.21"]

1. d4 Nf6 2. Nf3 g6 3. c4 Bg7 4. Nc3 O-O 5. e4 d6 6. h3 e5 7. d5 a5 8. Bg5
h6 9. Be3 Na6 10. g4 Nc5 11. Nd2 c6 12. dxc6 bxc6 13. Bxc5 dxc5 14. Nf3 Qe7
15. Bd3 Rd8 16. Qc2 Nd7 17. O-O-O Nf8 18. Na4 Ra6 19. Be2 Rxd1+ 20. Rxd1
Ne6 21. Qd2 Nd4 22. Nxd4 cxd4 23. c5 Ra7 24. Bc4 Kh8 25. Kb1 f5 26. f3 Be6
27. Bxe6 Qxe6 28. Qd3 Rf7 29. b3 h5 30. exf5 gxf5 31. Re1 fxg4 32. hxg4
hxg4 33. Qxd4 gxf3 34. Rh1+ Kg8 35. Qe4 f2 36. Rf1 Rf4 37. Qe2 Qf6 38. Nb2
e4 39. a4 Qxb2+ 40. Qxb2 Bxb2 0-1

[Event "10th Essent Open"]
[Site "Hoogeveen NED"]
[Date "2006.10.20"]
[Round "1"]
[White "Donchenko,A"]
[Black "Van der Veen,Jan"]
[Result "1-0"]
[WhiteElo "2395"]
[BlackElo "2142"]
[EventDate "2006.10.21"]

1. Nf3 Nf6 2. d4 g6 3. g3 Bg7 4. Bg2 O-O 5. O-O d6 6. b3 c5 7. c4 cxd4 8.
Nxd4 d5 9. cxd5 Nxd5 10. Bb2 Na6 11. Na3 Nac7 12. Qd2 e5 13. Ndb5 Nxb5 14.
Qxd5 Nxa3 15. Bxa3 Qxd5 16. Bxd5 Rd8 17. Rfd1 Bf8 18. Bb2 Bd6 19. Bf3 f6
20. Ba3 Bc7 21. Rxd8+ Bxd8 22. Rd1 Bc7 23. Bd5+ Kh8 24. Rc1 Bd8 25. Bd6 Kg7
26. a4 h5 27. Kg2 a5 28. e4 Ra6 29. Bc7 Be7 30. Bxa5 Rxa5 31. Rxc8 Rc5 32.
Rb8 Rc7 33. Rxb7 Rxb7 34. Bxb7 Bc5 35. Bd5 g5 36. f3 Kf8 37. Kf1 Ke7 38.
Ke2 Bd4 39. h3 Kd6 40. b4 Kc7 1-0

[Event "10th Essent Open"]
[Site "Hoogeveen NED"]
[Date "2006.10.20"]
[Round "1"]
[White "Drost,P"]
[Black "Grooten,H"]
[Result "1/2-1/2"]
[WhiteElo "2137"]
[BlackElo "2387"]
[EventDate "2006.10.21"]

1. e4 c6 2. d4 d5 3. e5 Bf5 4. Nf3 e6 5. Be2 Nd7 6. O-O h6 7. Be3 Ne7 8.
Nbd2 Bh7 9. Nb3 Nf5 10. c4 dxc4 11. Bxc4 Nb6 12. Bd3 Nxe3 13. fxe3 Bxd3 14.
Qxd3 c5 15. Qe4 cxd4 16. Nfxd4 Qd7 17. Qf4 Nd5 18. Qf3 g5 19. Rac1 h5 20.
e4 Nf4 21. Ne2 Nd3 22. Rcd1 O-O-O 23. Qe3 Qb5 24. Ned4 Qxe5 25. Rxd3 Bd6
26. Nf3 Qxb2 27. Qc1+ Qxc1 28. Rxc1+ Kb8 29. Rcd1 Be7 30. Rxd8+ Rxd8 31.
Rxd8+ Bxd8 32. Kf2 Kc7 33. Ne5 f6 34. Nd3 Kd6 35. Kf3 b5 36. e5+ fxe5 37.
Ke4 a5 38. Nd2 a4 39. Nb1 Ba5 40. Na3 Kc6 41. Nxe5+ Kb6 42. Nd3 Bc3 43. Nb1
Bf6 44. Ne5 Be7 45. Nd3 Bf6 46. a3 Kc6 47. Nb4+ Kc5 48. Kd3 Bb2 49. Nc2 Be5
50. Nc3 Bxh2 51. Ne4+ Kd5 52. Ne3+ Kc6 53. Nxg5 Bd6 54. Nc2 Kd5 55. Ne4 Be7
56. Nc3+ Ke5 57. Nxb5 Kf4 58. Ke2 Kg3 59. Kf1 h4 60. Nc3 h3 61. Ne2+ Kg4
62. gxh3+ Kxh3 63. Nb4 Bf6 64. Nf4+ Kg4 65. Nfd3 Kf3 66. Ke1 e5 67. Nb2 e4
68. Nxa4 e3 69. Nd3 e2 70. Kd2 Bg5+ 71. Kc2 Be7 1/2-1/2

[Event "10th Essent Open"]
[Site "Hoogeveen NED"]
[Date "2006.10.20"]
[Round "1"]
[White "Willemze,T"]
[Black "Van Geffen,B"]
[Result "1-0"]
[WhiteElo "2384"]
[BlackElo "2132"]
[EventDate "2006.10.21"]

1. e4 e5 2. Nf3 Nc6 3. Nc3 Nf6 4. Bb5 Nd4 5. O-O Nxb5 6. Nxb5 c6 7. Nc3 d6
8. d4 Qc7 9. h3 b5 10. Re1 Be7 11. b3 O-O 12. Bb2 Nd7 13. Ne2 Re8 14. Ng3
Bf8 15. Rc1 g6 16. c4 b4 17. c5 dxc5 18. dxe5 Bg7 19. Re2 Nxe5 20. Nxe5
Bxe5 21. Rxc5 Bxb2 22. Rxb2 Bb7 23. Qd4 Rad8 24. Qxb4 Rd1+ 25. Kh2 h5 26.
e5 Rd5 27. f4 Qb6 28. Rc4 Rd1 29. Qc5 Red8 30. Ne4 Qxc5 31. Rxc5 R8d4 32.
Nd6 Ba8 33. Ra5 c5 34. Rxc5 Bd5 35. Ne8 Bb7 36. Rc7 Rxf4 37. Rxb7 h4 38.
Nf6+ Kg7 39. Rb8 Rff1 40. Rg8+ Kh6 41. Rh8+ Kg5 42. Ne4+ Kf5 43. Rxh4 1-0

[Event "10th Essent Open"]
[Site "Hoogeveen NED"]
[Date "2006.10.20"]
[Round "1"]
[White "Malinarski,Y"]
[Black "Van Beek,Al"]
[Result "0-1"]
[WhiteElo "2126"]
[BlackElo "2379"]
[EventDate "2006.10.21"]

1. e4 e5 2. Nf3 Nc6 3. d4 exd4 4. Nxd4 Nf6 5. Nxc6 bxc6 6. e5 Qe7 7. Qe2
Nd5 8. c4 Nb6 9. g3 g6 10. b3 Bg7 11. f4 O-O 12. Ba3 d6 13. Bg2 f6 14. Bxc6
fxe5 15. Nc3 Rb8 16. O-O Bd7 17. Bg2 Rbe8 18. c5 dxc5 19. Rae1 Rf7 20. Nd5
Qd6 21. Nxb6 cxb6 22. Rd1 Qc7 23. Bd5 Be6 24. Bb2 Bxd5 25. Rxd5 e4 26. Bxg7
Kxg7 27. Rc1 Rd7 28. Rcd1 Rxd5 29. Rxd5 Qc6 30. Qb2+ Kf7 31. Re5 Rxe5 32.
Qxe5 Qe6 33. Qh8 h5 34. Qh7+ Kf6 35. Qc7 e3 36. Qd8+ Kf5 37. Qd3+ Kf6 38.
Qc3+ Kf5 0-1

[Event "10th Essent Open"]
[Site "Hoogeveen NED"]
[Date "2006.10.20"]
[Round "1"]
[White "Swinkels,R"]
[Black "Potze,R"]
[Result "1/2-1/2"]
[WhiteElo "2378"]
[BlackElo "2122"]
[EventDate "2006.10.21"]

1. e4 c5 2. Nf3 Nc6 3. d4 cxd4 4. Nxd4 Nf6 5. Nc3 e5 6. Ndb5 d6 7. Bg5 a6
8. Na3 b5 9. Nd5 Be7 10. Bxf6 Bxf6 11. c3 O-O 12. Nc2 Rb8 13. h4 Be6 14.
Nce3 Be7 15. g3 Qd7 16. Bg2 a5 17. Qe2 Bd8 18. Rd1 Ne7 19. O-O Nxd5 20.
Nxd5 Bb6 21. Kh2 Bc5 22. Rd2 Qa7 23. Bh3 Bxd5 24. Rxd5 b4 25. c4 b3 26. a3
Qe7 27. Qd2 a4 28. Kg2 Rfd8 29. Bg4 Rf8 30. h5 h6 31. Bf5 Qc7 32. Qe2 Rfe8
33. Rfd1 Qe7 34. Qd2 Qc7 35. Rc1 Red8 36. Qc3 Qa7 37. Qd2 Qc7 38. Bg4 Re8
39. Qd3 Qe7 40. Rf1 Red8 41. Bf5 Qc7 42. Kh3 Qe7 43. Qd2 Qc7 44. Rc1 Re8
45. Rd1 Red8 46. f4 Re8 47. Qe1 Bd4 48. Qe2 1/2-1/2

[Event "10th Essent Open"]
[Site "Hoogeveen NED"]
[Date "2006.10.20"]
[Round "1"]
[White "Dibala,R"]
[Black "Hoeksema,E"]
[Result "0-1"]
[WhiteElo "2119"]
[BlackElo "2374"]
[EventDate "2006.10.21"]

1. d4 Nf6 2. c4 e6 3. Nf3 b6 4. g3 Ba6 5. Qc2 c5 6. Bg2 Nc6 7. O-O cxd4 8.
a3 b5 9. Nbd2 Rc8 10. cxb5 Bxb5 11. Ne4 Nxe4 12. Qxe4 d5 13. Qc2 Be7 14.
Re1 O-O 15. Qd1 Bf6 16. a4 Ba6 17. Rb1 Nb4 18. b3 d3 19. exd3 Bxd3 20. Ba3
Bxb1 21. Bxb4 Bc2 22. Qd2 Re8 23. Bf1 Be4 24. Kg2 Qb6 25. Ba5 Qxb3 0-1

[Event "10th Essent Open"]
[Site "Hoogeveen NED"]
[Date "2006.10.20"]
[Round "1"]
[White "Afek,Y"]
[Black "Kulago,A"]
[Result "1-0"]
[WhiteElo "2372"]
[BlackElo "2114"]
[EventDate "2006.10.21"]

1. e4 e5 2. Nf3 Nc6 3. Nc3 Nf6 4. d4 exd4 5. Nxd4 Bc5 6. Nb3 Bb6 7. a4 a6
8. Bd3 d6 9. O-O Bg4 10. Qe1 Qe7 11. a5 Ba7 12. Be3 Bxe3 13. Qxe3 O-O-O 14.
Nd4 Nxd4 15. Qxd4 Kb8 16. f4 Bd7 17. b4 c5 18. bxc5 dxc5 19. Qe5+ Qxe5 20.
fxe5 Ng4 21. Rxf7 Rhg8 22. Re7 g5 23. h3 Ne3 24. Re1 c4 25. Rxe3 cxd3 26.
cxd3 Rge8 27. Rxe8 Rxe8 28. d4 Rc8 29. d5 Rc5 30. e6 Be8 31. d6 Bc6 32. d7
Kc7 33. Rd3 1-0